<?xml version="1.0" encoding="UTF-8"?>
<record
    xmlns:xsi="http://www.w3.org/2001/XMLSchema-instance"
    xsi:schemaLocation="http://www.loc.gov/MARC21/slim http://www.loc.gov/standards/marcxml/schema/MARC21slim.xsd"
    xmlns="http://www.loc.gov/MARC21/slim">

  <leader>02719nas1a22003251i 4500</leader>
  <controlfield tag="001">RU\NLR\INFOCOMM16\1000024872</controlfield>
  <controlfield tag="005">20240725221912.0</controlfield>
  <datafield tag="011" ind1=" " ind2=" ">
    <subfield code="a">0203-932&#x425;</subfield>
  </datafield>
  <datafield tag="035" ind1=" " ind2=" ">
    <subfield code="a">(NLR Aleph) 002763904</subfield>
  </datafield>
  <datafield tag="090" ind1=" " ind2=" ">
    <subfield code="a">2256972</subfield>
    <subfield code="c">2256972</subfield>
  </datafield>
  <datafield tag="100" ind1=" " ind2=" ">
    <subfield code="a">20040205c1984    |||y0rusy50      ca</subfield>
  </datafield>
  <datafield tag="101" ind1="0" ind2=" ">
    <subfield code="a">rus</subfield>
  </datafield>
  <datafield tag="102" ind1=" " ind2=" ">
    <subfield code="a">RU</subfield>
  </datafield>
  <datafield tag="110" ind1=" " ind2=" ">
    <subfield code="a">ayu||||0|y0</subfield>
  </datafield>
  <datafield tag="200" ind1="1" ind2=" ">
    <subfield code="a">&#x413;&#x435;&#x43E;&#x434;&#x435;&#x437;&#x438;&#x44F;, &#x430;&#x44D;&#x440;&#x43E;&#x441;&#x44A;&#x435;&#x43C;&#x43A;&#x430;, &#x43A;&#x430;&#x440;&#x442;&#x43E;&#x433;&#x440;&#x430;&#x444;&#x438;&#x44F;</subfield>
    <subfield code="e">&#x41E;&#x431;&#x437;&#x43E;&#x440;. &#x438;&#x43D;&#x444;&#x43E;&#x440;&#x43C;.</subfield>
    <subfield code="i">&#x421;&#x435;&#x440;&#x438;&#x44F; "&#x41C;&#x435;&#x445;&#x430;&#x43D;&#x438;&#x437;&#x430;&#x446;&#x438;&#x44F; &#x438; &#x430;&#x432;&#x442;&#x43E;&#x43C;&#x430;&#x442;&#x438;&#x437;&#x430;&#x446;&#x438;&#x44F; &#x433;&#x435;&#x43E;&#x434;&#x435;&#x437;&#x438;&#x447;&#x435;&#x441;&#x43A;&#x438;&#x445;, &#x442;&#x43E;&#x43F;&#x43E;&#x433;&#x440;&#x430;&#x444;&#x438;&#x447;&#x435;&#x441;&#x43A;&#x438;&#x445; &#x43A;&#x430;&#x440;&#x442;&#x43E;&#x433;&#x440;&#x430;&#x444;&#x438;&#x447;&#x435;&#x441;&#x43A;&#x438;&#x445; &#x440;&#x430;&#x431;&#x43E;&#x442;"</subfield>
    <subfield code="f">&#x426;&#x41D;&#x418;&#x418; &#x433;&#x435;&#x43E;&#x434;&#x435;&#x437;&#x438;&#x438;, &#x430;&#x44D;&#x440;&#x43E;&#x441;&#x44A;&#x435;&#x43C;&#x43A;&#x438; &#x438; &#x43A;&#x430;&#x440;&#x442;&#x43E;&#x433;&#x440;&#x430;&#x444;&#x438;&#x438; &#x438;&#x43C;. &#x424;.&#x41D;.&#x41A;&#x440;&#x430;&#x441;&#x43E;&#x432;&#x441;&#x43A;&#x43E;&#x433;&#x43E;</subfield>
  </datafield>
  <datafield tag="210" ind1=" " ind2=" ">
    <subfield code="a">&#x41C;.</subfield>
    <subfield code="d">1984-</subfield>
  </datafield>
  <datafield tag="300" ind1=" " ind2=" ">
    <subfield code="a">&#x412; &#x43D;&#x430;&#x434;&#x437;&#x430;&#x433;. &#x442;&#x430;&#x43A;&#x436;&#x435;: &#x413;&#x43B;. &#x443;&#x43F;&#x440;. &#x433;&#x435;&#x43E;&#x434;&#x435;&#x437;&#x438;&#x438; &#x438; &#x43A;&#x430;&#x440;&#x442;&#x43E;&#x433;&#x440;&#x430;&#x444;&#x438;&#x438; &#x43F;&#x440;&#x438; &#x421;&#x43E;&#x432;&#x435;&#x442;&#x435; &#x41C;&#x438;&#x43D;&#x438;&#x441;&#x442;&#x440;&#x43E;&#x432; &#x421;&#x421;&#x421;&#x420;</subfield>
  </datafield>
  <datafield tag="300" ind1=" " ind2=" ">
    <subfield code="a">&#x41E;&#x431;&#x440;&#x430;&#x437;&#x43E;&#x432;&#x430;&#x43D;&#x43E; &#x432; &#x440;&#x435;&#x437;&#x443;&#x43B;&#x44C;&#x442;&#x430;&#x442;&#x435; &#x440;&#x430;&#x437;&#x434;&#x435;&#x43B;&#x435;&#x43D;&#x438;&#x44F;: &#x41E;&#x431;&#x437;&#x43E;&#x440;&#x43D;&#x430;&#x44F; &#x438;&#x43D;&#x444;&#x43E;&#x440;&#x43C;&#x430;&#x446;&#x438;&#x44F;. &#x426;&#x41D;&#x418;&#x418; &#x433;&#x435;&#x43E;&#x434;&#x435;&#x437;&#x438;&#x438;, &#x430;&#x44D;&#x440;&#x43E;&#x441;&#x44A;&#x435;&#x43C;&#x43A;&#x438; &#x438; &#x43A;&#x430;&#x440;&#x442;&#x43E;&#x433;&#x440;&#x430;&#x444;&#x438;&#x438; &#x438;&#x43C;. &#x424;.&#x41D;.&#x41A;&#x440;&#x430;&#x441;&#x43E;&#x432;&#x441;&#x43A;&#x43E;&#x433;&#x43E; (&#x428;&#x438;&#x444;&#x440;: &#x41F;51/1087)</subfield>
  </datafield>
  <datafield tag="431" ind1=" " ind2="0">
    <subfield code="1">2001#$a&#x41E;&#x431;&#x437;&#x43E;&#x440;&#x43D;&#x430;&#x44F; &#x438;&#x43D;&#x444;&#x43E;&#x440;&#x43C;&#x430;&#x446;&#x438;&#x44F;$f&#x426;&#x41D;&#x418;&#x418; &#x433;&#x435;&#x43E;&#x434;&#x435;&#x437;&#x438;&#x438;, &#x430;&#x44D;&#x440;&#x43E;&#x441;&#x44A;&#x435;&#x43C;&#x43A;&#x438; &#x438; &#x43A;&#x430;&#x440;&#x442;&#x43E;&#x433;&#x440;&#x430;&#x444;&#x438;&#x438; &#x438;&#x43C;. &#x424;.&#x41D;.&#x41A;&#x440;&#x430;&#x441;&#x43E;&#x432;&#x441;&#x43A;&#x43E;&#x433;&#x43E;</subfield>
    <subfield code="1">852##$aNLR$j&#x41F;51/1087</subfield>
    <subfield code="t">&#x41E;&#x431;&#x437;&#x43E;&#x440;&#x43D;&#x430;&#x44F; &#x438;&#x43D;&#x444;&#x43E;&#x440;&#x43C;&#x430;&#x446;&#x438;&#x44F;</subfield>
  </datafield>
  <datafield tag="801" ind1=" " ind2="1">
    <subfield code="a">RU</subfield>
    <subfield code="b">InfoComm</subfield>
    <subfield code="c">20040205</subfield>
  </datafield>
  <datafield tag="801" ind1=" " ind2="0">
    <subfield code="a">RU</subfield>
    <subfield code="b">NLR</subfield>
    <subfield code="g">PSBO</subfield>
  </datafield>
  <datafield tag="852" ind1=" " ind2=" ">
    <subfield code="a">NLR</subfield>
    <subfield code="j">&#x41F;7/2065</subfield>
  </datafield>
  <datafield tag="942" ind1=" " ind2=" ">
    <subfield code="c">JOURNAL</subfield>
  </datafield>
  <datafield tag="980" ind1=" " ind2=" ">
    <subfield code="a">RUSPER</subfield>
  </datafield>
</record>
